| 000 | 00530nam a2200193Ia 4500 | ||
|---|---|---|---|
| 008 | 160303s9999 xx 000 0 und d | ||
| 020 | _a978-971-93566-8-4 | ||
| 050 | _aFIL GN 380 | ||
| 050 | _b.T69 2010 | ||
| 245 | _aTowards an alternative development paradigm : | ||
| 245 | _bindigenous people's self-determined development / | ||
| 260 | _aBaguio City: | ||
| 260 | _bTebtebba Foundation, | ||
| 260 | _c2010 | ||
| 300 | _a636 pages : | ||
| 300 | _billustrations ; | ||
| 300 | _c23 cm. | ||
| 650 | _aIndigenous people. | ||
| 999 |
_c291264 _d291264 |
||